000 00406cam a2200181ua 4500
001 8906
008 150218n ii |||gr||||Z||||||eng
040 _cMAIN
041 _aeng
082 _a823N
100 _aKipling, R.,
_eAuthor.
245 _aJungle book
_cBy Rudyard Kipling
250 _a1st.
260 _aMadras:
_bMacmillan,
_c1972.
300 _a160p.
653 _aEnglish fiction
942 _cBK
999 _c8000
_d8000